000
00291nam a22001217a 4500
008
181009b xxu||||| |||| 00| 0 eng d
041
_a
eng
080
_a
159.9
100
_a
48
101
_a
PSI
245
_a
The Making Of Psychological Antropology
_c
Spindler.G.D
942
_2
udc
_c
BK
999
_c
49221
_d
49221